000 01785cas a2200481 a 4500
001 data
005 20260322212121.0
007 data
008 data
035 _a18779458
906 _a7
_bcbc
_csercoop
_d3
_encip
_f20
_gn-oclcserc
925 0 _aAcquire
_b1 shelf copy
_xpolicy default
010 _asn 83010754
022 0 _a0271-9525
_l0271-9525
_21
035 _a(OCoLC)6281765
040 _aNRC
_beng
_cNRC
_dDLC
_dNSD
_dIUL
_dNST
_dNSD
_dOCLCQ
_dOCLCF
_dOCLCO
_dDLC
042 _alccopycat
_alccopycat
050 4 _aG149
_b.C64
050 0 0 _aMicrofiche 5207
130 0 _aGoing places (Glen Rock, N.J.)
210 0 _aGoing places
_b(Glen Rock N.J.)
222 0 _aGoing places
_b(Glen Rock, N.J.)
245 0 0 _aGoing places
_h[microform] /
_cproduced by CBS News.
260 _aGlen Rock, N.J. :
_bMicrofilming Corp. of America,
_c1979-1980.
300 _a3 microfiches.
310 _aIrregular
336 _atext
_btxt
_2rdacontent
337 _amicroform
_bh
_2rdamedia
338 _amicrofiche
_bhe
_2rdacarrier
362 0 _aVol. 1, no. 1 (Nov. 6, 1979)-v. 2, no. 2 (Dec. 2, 1980).
500 _a"Transcripts from the television broadcasts."
500 _aPlace of publication varies: Sanford, N.C., <Aug. 9, 1980>-Dec. 2, 1980.
515 _aVol. 1, no. 2 never published.
530 _aAvailable also as part of an annual microfilmed transcript of various CBS public affairs programs.
650 0 _aTravel.
650 7 _aTravel.
_2fast
_0(OCoLC)fst01155558
710 2 _aCBS News.
730 0 _aGoing places (Television program)
776 1 _tCBS News public affairs broadcasts
_w(OCoLC)8152843
999 _c1853
_d1853